书目信息 |
| 题名: |
孤注一掷:现代体育的反兴奋剂斗争
|
|
| 作者: | 霍利亨 著 ;郑斌 译 | |
| 分册: | ||
| 出版信息: | 北京 人民体育出版社 2007 |
|
| 页数: | 275页 | |
| 开本: | 24cm | |
| 丛书名: | ||
| 单 册: | ||
| 中图分类: | R872.5 | |
| 科图分类: | ||
| 主题词: | 体育运动--兴奋剂--问题--研究 , 体育运动--兴奋剂--政策--制定 , 体育运动 , 兴奋剂 , 政策 | |
| 电子资源: | ||
| ISBN: | 978-7-5009-3232-1 | |
| 000 | 01666nam0 2200337 45 | |
| 001 | 1130223266 | |
| 005 | 20110309141404.12 | |
| 010 | @a978-7-5009-3232-1@dCNY26.00 | |
| 100 | @a20110123d2007 em y0chiy50 ea | |
| 101 | 1 | @achi@ceng |
| 102 | @aCN@b110000 | |
| 105 | @ay z 000yy | |
| 106 | @ar | |
| 200 | 1 | @a孤注一掷:现代体育的反兴奋剂斗争@AGu Zhu Yi Zhi: Xian Dai Ti Yu De Fan Xing Fen Ji Dou Zheng@e体育运动中的使用兴奋剂现象及反兴奋剂政策的制定@ETi Yu Yun Dong Zhong De Shi Yong Xing Fen Ji Xian Xiang Ji Fan Xing Fen Ji Zheng Ce De Zhi Ding@f(英)巴里·霍利亨(Barrie Houlihan)著@F( Ying ) Ba Li· Huo Li Heng (Barrie Houlihan) Zhu@g郑斌译 |
| 210 | @a北京@c人民体育出版社@d2007 | |
| 215 | @a275页@d24cm | |
| 305 | @a据Council of Europe pubilshing, May 2002英文第二版译出 | |
| 312 | @a英文版权页题名:Dying to win: doping in sport and the development of anti-doping policy | |
| 330 | @a本书共分8章,主要内容包括体育的价值、使用兴奋剂的发展演变、禁用物质与禁用方法及其作用、体坛之外额度药物滥用及相关政策、未来的反兴奋剂政策:问题与挑战等。 | |
| 510 | 1 | @aDying to win: doping in sport and the development of anti-doping policy@zeng |
| 517 | 1 | @a体育运动中的使用兴奋剂现象及反兴奋剂政策的制定@ATi Yu Yun Dong Zhong De Shi Yong Xing Fen Ji Xian Xiang Ji Fan Xing Fen Ji Zheng Ce De Zhi Ding |
| 606 | 0 | @a体育运动@x兴奋剂@x问题@x研究 |
| 606 | 0 | @a体育运动@x兴奋剂@x政策@x制定 |
| 606 | 0 | @a体育运动 |
| 606 | 0 | @a兴奋剂 |
| 606 | 0 | @a政策 |
| 690 | @aR872.5@v4 | |
| 701 | 1 | @a霍利亨@AHuo Li Heng@g(Houlihan, Barrie)@4著 |
| 702 | 0 | @a郑斌@AZheng Bin@c(体育)@4译 |
| 801 | 0 | @aCN@bTANGWEI@c20110309 |
| 905 | @b0530657-61@dR872.5@e14@f5 | |
| 孤注一掷:现代体育的反兴奋剂斗争:体育运动中的使用兴奋剂现象及反兴奋剂政策的制定/(英)巴里·霍利亨(Barrie Houlihan)著/郑斌译.-北京:人民体育出版社,2007 |
| 275页;24cm |
| ISBN 978-7-5009-3232-1:CNY26.00 |
| 本书共分8章,主要内容包括体育的价值、使用兴奋剂的发展演变、禁用物质与禁用方法及其作用、体坛之外额度药物滥用及相关政策、未来的反兴奋剂政策:问题与挑战等。 |
| ● |
| 相关链接 |
|
|
|
|
正题名:孤注一掷:现代体育的反兴奋剂斗争
索取号:R872.5/14
 
预约/预借
| 序号 | 登录号 | 条形码 | 馆藏地/架位号 | 状态 | 备注 |
| 1 | 0530657 | 205306578 | 第二样本阅览室/ [索取号:R872.5/14] | 在馆 | |
| 2 | 0530658 | 205306587 | 第三借阅区/ [索取号:R872.5/14] | 在馆 | |
| 3 | 0530659 | 205306596 | 第三借阅区/ [索取号:R872.5/14] | 在馆 | |
| 4 | 0530660 | 205306603 | 第三借阅区/ [索取号:R872.5/14] | 在馆 | |
| 5 | 0530661 | 205306612 | 密集书库-体育系/ [索取号:R872.5/14] | 在馆 |